| 000 | 00000nam 2200000za 4500 |
| 001 | 9.822355 |
| 003 | CaOODSP |
| 005 | 20221107143651 |
| 007 | cr ||||||||||| |
| 008 | 160810t19771977onc oz f000 0 eng d |
| 020 | |z0-660-00574-3 |
| 040 | |aCaOODSP|beng |
| 041 | |aeng|afre |
| 043 | |an-cn--- |
| 086 | 1 |aE3-1976/19-PDF|zE3-1976/19 |
| 245 | 00|aAtomic energy |h[electronic resource] : |bagreement between Canada and Spain = Énergie atomique : accord entre le Canada et l'Espagne. |
| 246 | 31|aÉnergie atomique : |baccord entre le Canada et l'Espagne |
| 246 | 16|aAgreement between the Government of Canada and the Government of Spain for Co-Operation in the Development and Application of Atomic Energy for Peaceful Purposes |
| 260 | |aOttawa : |bQueen's Printer = Imprimeur de la Reine, |c1977. |
| 300 | |a23 p. |
| 490 | 1 |aTreaty series = Recueil des traités ; |v1976, no. 19 |
| 500 | |a"Madrid, July 7, 1975. Instruments of ratification exchanged April 21, 1976. In force April 21, 1976." |
| 530 | |aIssued also in printed form. |
| 546 | |aText in English and French. |
| 692 | 07|2gccst|aNuclear energy |
| 692 | 07|2gccst|aInternational agreements |
| 710 | 1 |aCanada. |bDepartment of External Affairs. |
| 792 | |tAtomic energy |efre|w(CaOODSP)9.822357 |
| 830 | #0|aTreaty series = Recueil des traités ;|v1976, no. 19|w(CaOODSP)9.813197 |
| 856 | 40|qPDF|s1.75 MB|uhttps://publications.gc.ca/collections/collection_2016/amc-gac/E3-1976-19.pdf |